| 000 | 00453nam a2200121Ia 4500 | ||
|---|---|---|---|
| 008 | 171212s9999 xx 000 0 und d | ||
| 020 | _a9780833058652 | ||
| 100 | _aDobbins, James;Nader, Alireza;Kaye, Dalia Dassa;Wehrey, Frederic | ||
| 245 |
_cDobbins, James;Nader, Alireza;Kaye, Dalia Dassa;Wehrey, Frederic _aCoping with a Nuclearizing Iran |
||
| 260 |
_bRAND Corporation _c2011 |
||
| 650 | _aHistory | ||
| 856 | _uwww.jstor.org/stable/10.7249/mg1154srf | ||
| 999 |
_c351894 _d351894 |
||